000 00504nam a2200133Ia 4500
008 220620s9999||||xx |||||||||||||| ||und||
020 _a9780260000000
100 _aDavidson, Cathy N.||Goldberg, David Theo
245 4 _aThe Future of Learning Institutions in a Digital Age
546 _aEnglish[eng]
650 _aImpact of science and technology on society||Educational equipment and technology, computer-aided learning (CAL)
856 _uhttps://doi.org/10.7551/mitpress/8517.001.0001
942 _cEB
999 _c34523
_d34523